Twenty Least Guessed Countries. - Statistics

General Stats
  • This quiz has been taken 396 times
    392 since last reset
  • The average score is 12 of 20
Answer Stats
Answer % Correct
Tuvalu
83%
Palau
82%
Nauru
80%
Marshall Islands
77%
Sao Tome and Principe
76%
Kiribati
74%
Vanuatu
73%
St Vincent and the Grenadines
70%
Comoros
69%
East Timor
66%
Brunei
65%
St Lucia
65%
Seychelles
62%
Grenada
59%
Equatorial Guinea
50%
Guinea Bissau
47%
Burundi
44%
Burkina Faso
34%
Gabon
27%
Sierra Leone
20%
No matching quizzes found
Score Distribution
Percent of People with Each Score
Percentile by Number Answered
Your Score History
You have not taken this quiz since the last reset